| 000 | 00000nam##2200000za#4500 |
| 001 | 9.699443 |
| 003 | CaOODSP |
| 005 | 20210625000401 |
| 007 | cr ||||||||||| |
| 008 | 150407|2006||||xxc|||||o f|0| 0 eng|d |
| 040 | |aCaOODSP|beng |
| 043 | |an-cn--- |
| 086 | 1 |aH21-283/2006E-PDF |
| 110 | 1 |aCanada. |bHealth Canada. |
| 245 | 10|aHealth Products and Food (HPF), Quebec region |h[electronic resource] |
| 260 | |aOttawa - Ontario : |bHealth Canada |cc2007. |
| 300 | |a1p. |
| 500 | |aThe catalogue number (H21-283/2006) and ISBN (978-0-662-49731-8) for the bilingual print edition have been incorrectly copied in this electronic publication. |
| 590 | |a14-12-Supp|b2014-05-30 |
| 690 | 07|aFood safety|2gcpds |
| 690 | 07|aHealth care products|2gcpds |
| 775 | 08|tDirection des produits de santé et des aliments (DPSA), région du Québec |w(CaOODSP)9.643417 |
| 856 | 40|ahttp://publications.gc.ca|qPDF|s749 KB|uhttps://publications.gc.ca/collections/collection_2014/sc-hc/H21-283-2006-eng.pdf |